<?xml version="1.0" encoding="UTF-8"?>
<record
    xmlns:xsi="http://www.w3.org/2001/XMLSchema-instance"
    xsi:schemaLocation="http://www.loc.gov/MARC21/slim http://www.loc.gov/standards/marcxml/schema/MARC21slim.xsd"
    xmlns="http://www.loc.gov/MARC21/slim">

  <leader>00626nam a22001697a 4500</leader>
  <datafield tag="082" ind1=" " ind2=" ">
    <subfield code="a">891.43909</subfield>
    <subfield code="b">QAM</subfield>
  </datafield>
  <datafield tag="100" ind1=" " ind2=" ">
    <subfield code="a">Qamar,Dr Naheed</subfield>
  </datafield>
  <datafield tag="245" ind1=" " ind2=" ">
    <subfield code="a">Urdu Adab ma Tareekhiyat/</subfield>
    <subfield code="c">Dr Naheed Qamar</subfield>
  </datafield>
  <datafield tag="260" ind1=" " ind2=" ">
    <subfield code="a">Islamabad:</subfield>
    <subfield code="b">Porab Aqadmi,</subfield>
    <subfield code="c">2017.</subfield>
  </datafield>
  <datafield tag="300" ind1=" " ind2=" ">
    <subfield code="a">206p. :</subfield>
    <subfield code="c">25cm.</subfield>
  </datafield>
  <datafield tag="563" ind1=" " ind2=" ">
    <subfield code="a">HB</subfield>
  </datafield>
  <datafield tag="650" ind1=" " ind2=" ">
    <subfield code="a">Literary Movements and Their Historical Background</subfield>
    <subfield code="9">129631</subfield>
  </datafield>
  <datafield tag="880" ind1=" " ind2=" ">
    <subfield code="6">100-01\(3\r</subfield>
    <subfield code="a">&#x688;&#x627;&#x6A9;&#x679;&#x631; &#x646;&#x627;&#x6C1;&#x6CC;&#x62F; &#x642;&#x645;&#x631;</subfield>
  </datafield>
  <datafield tag="880" ind1=" " ind2=" ">
    <subfield code="6">245-02\(3\r</subfield>
    <subfield code="a">&#x627;&#x631;&#x62F;&#x648; &#x627;&#x62F;&#x628; &#x645;&#x6CC;&#x6BA; &#x62A;&#x627;&#x631;&#x6CC;&#x62E;&#x6CC;&#x627;&#x62A;/</subfield>
    <subfield code="b">&#x688;&#x627;&#x6A9;&#x679;&#x631; &#x646;&#x627;&#x6C1;&#x6CC;&#x62F; &#x642;&#x645;&#x631;</subfield>
  </datafield>
  <datafield tag="880" ind1=" " ind2=" ">
    <subfield code="6">260-03\(3\r</subfield>
    <subfield code="a">&#x627;&#x633;&#x644;&#x627;&#x645; &#x622;&#x628;&#x627;&#x62F;:</subfield>
    <subfield code="b">&#x67E;&#x648;&#x631;&#x627;&#x628; &#x627;&#x6A9;&#x6CC;&#x688;&#x645;&#x6CC;,</subfield>
    <subfield code="c">2017.</subfield>
  </datafield>
  <datafield tag="942" ind1=" " ind2=" ">
    <subfield code="2">ddc</subfield>
    <subfield code="c">BK</subfield>
  </datafield>
  <datafield tag="999" ind1=" " ind2=" ">
    <subfield code="c">614230</subfield>
    <subfield code="d">614230</subfield>
  </datafield>
  <datafield tag="952" ind1=" " ind2=" ">
    <subfield code="0">0</subfield>
    <subfield code="1">0</subfield>
    <subfield code="2">ddc</subfield>
    <subfield code="4">0</subfield>
    <subfield code="6">891_439090000000000_QAM</subfield>
    <subfield code="7">0</subfield>
    <subfield code="9">641474</subfield>
    <subfield code="a">CL</subfield>
    <subfield code="b">CL</subfield>
    <subfield code="d">2025-07-10</subfield>
    <subfield code="l">0</subfield>
    <subfield code="o">891.43909 QAM</subfield>
    <subfield code="p">CL-D-2769</subfield>
    <subfield code="r">2025-07-10</subfield>
    <subfield code="w">2025-07-10</subfield>
    <subfield code="y">BK</subfield>
  </datafield>
</record>
